000 02650cam a22004694i 4500
003 PE-LiUPU
005 20250731165408.0
008 151016s2015 pe a grm 000 0 spa d
035 _a(Sirsi) a154901
040 _aPE-LiUPU
_bspa
_cPE-LiUPU
_erda
082 0 4 _a658.402
_bC97
099 _aTA 3
_bC97 2014
100 1 _aCutipa Gonzales, Alex Daniel
_eautor
245 1 _aClima y compromiso organizacional de los trabajadores empleados de la Universidad Peruana Unión Filial Juliaca, durante el periodo 2014-I /
_Alex Daniel Cutipa Gonzales.
264 0 _c2015.
300 _a161 hojas :
_bilustraciones;
_c30 cm
336 _atext
_2rdacontent
337 _aunmediated
_2rdamedia
338 _avolume
_2rdacarrier
502 _aTesis
_b(Mg.) --
_cUniversidad Peruana Unión,
_d2015.
504 _aIncluye referencias
520 3 _aEl clima organizacional y el compromiso de los trabajadores son relevantes en el comportamiento de las personas, y fundamentales en el desarrollo estratégico de toda organización. Por estos motivos se hace importante determinar cuál es la relación que existe entre el clima organizacional y el compromiso organizacional de los trabajadores empleados de la Universidad Peruana Unión en el periodo 2014-I. La población para este trabajo de investigación fueron 320 trabajadores distribuida en diferentes áreas de trabajo y la muestra estuvo conformada por 113 personas determinada por un muestreo aleatorio simple. La determinación del tamaño, ha seguido un proceso probabilístico. Para ello se tomó el tamaño de muestra por asignación proporcional. Los resultados muestran que existe relación directa entre el clima organizacional y el compromiso organizacional en los trabajadores de la Universidad Peruana Unión, Filial Juliaca, la cual resulta ser positiva y significativa. Es decir, a medida que mejora el clima organizacional de la institución, mejora correlativamente el compromiso de los trabajadores con la institución.
526 _aSEG44
526 _aSEG26
526 _aP151
526 _aP150
526 _aP149
526 _aP146
526 _aP145
526 _aP126
526 _aP125
526 _aP92
526 _aP75
526 _aP74
526 _aP27
526 _aP15
650 0 4 _aCondiciones de trabajo
_xCompromiso organizacional
_vTesis.
610 2 _aUniversidad Peruana Unión Filial Juliaca
_xCompromiso organizacional
_vTesis.
596 _a1
942 _2ddc
_cTESIS
999 _aTA 3 C97 2014
_wALPHANUM
_c7595
_iT01774
_lCCODEBUL3
_mBUL
_r1
_sY
_tTESIS
_u2015-10-16
_xPOSGRADO
_PP47
_o.STAFF. Tesis
_d7595
980 _81
_gALBERTO SANCHEZ Responsable de Automatización